000 00340nam a22001457a 4500
003 OSt
005 20230609060840.0
008 220808b xxu||||| |||| 00| 0 eng d
040 _cIIMT UNIVERSITY MEERUT
100 _aMALHOTRA, , S, CHOUDHARY
245 _aPROGRAMMING IN JAVA
260 _bOXFORD
300 _a660
942 _2ddc
_c09
999 _c55026
_d55026